00341nam a22001097a 450000500170000002000180001708200140003510000280004924500930007726000470017030000140021720250929125116.0 a9788119899968 a355 LOR/S a Lorea, Federico Grcia  aSaand Se Yuddha Aur Maut /cby Federico Grcia Lorea, Translated by Dr. Prabhati Nautiyal a.- Patnab: Sethuprakashan Pvt Ltdc, 2024 a301 pages